| Tag |
First Indicator |
Second Indicator |
Subfields |
| LEADER |
00000cam a2200000 a 4500 |
| 001 |
in00000598513 |
| 005 |
20151014091557.0 |
| 008 |
850910s1984 flua b s00010 eng d |
| 035 |
|
|
|a (OCoLC)12531044
|
| 035 |
|
|
|a ACQ8217AM
|
| 040 |
|
|
|a FUG
|c FUG
|d TXA
|d UtOrBLW
|
| 049 |
1 |
|
|a TXAM
|
| 050 |
|
4 |
|a TH845
|b .S631 1984
|
| 090 |
|
|
|a GC57.2
|b .F53 no. 68
|
| 100 |
1 |
|
|a Spangler, Byron D.
|
| 245 |
1 |
0 |
|a Evaluation of existing and potential hurricane shelters /
|c Byron D. Spangler and Christopher P. Jones.
|
| 264 |
|
1 |
|a Gainesville, Fla. :
|b Sea Grant Extension Program, University of Florida,
|c 1984.
|
| 300 |
|
|
|a vi, 62 pages :
|b illustrations ;
|c 28 cm.
|
| 336 |
|
|
|a text
|b txt
|2 rdacontent
|
| 337 |
|
|
|a unmediated
|b n
|2 rdamedia
|
| 338 |
|
|
|a volume
|b nc
|2 rdacarrier
|
| 490 |
1 |
|
|a Report - Florida Sea Grant College ;
|v no. 68
|
| 500 |
|
|
|a "November 1984."
|
| 500 |
|
|
|a "Sea Grant Project number R/C-9. Grant number NA80AA-D-00038."
|
| 504 |
|
|
|a Bibliography: pages 60-62.
|
| 536 |
|
|
|a From the library of the Hazard Reduction and Recovery Center (HRRC).
|
| 650 |
|
0 |
|a Hurricanes.
|
| 650 |
|
0 |
|a Hurricane protection.
|
| 700 |
1 |
|
|a Jones, Christopher P.
|q (Christopher Palmer)
|
| 710 |
2 |
|
|a Florida Sea Grant College.
|g Grant No. NA 800AA-D-00038, Project No. R/C-9.
|
| 830 |
|
0 |
|a Report (Florida Sea Grant College) ;
|v no. 68.
|
| 999 |
|
|
|a MARS
|
| 999 |
f |
f |
|s 65cdf4e5-406f-39e3-82f7-28c26392f4f5
|i d305a3b7-545d-3cf7-a56a-f1b62eac44a6
|t 0
|
| 952 |
f |
f |
|p ric
|a Texas A&M University
|b Rellis Campus
|c Joint Library Facility
|s JLF
|d Remote Storage
|t 0
|e GC57.2 .F53 no. 68
|h Library of Congress classification
|i unmediated -- volume
|m A14809974805
|
| 952 |
f |
f |
|p ric
|a Texas A&M University
|b Rellis Campus
|c Joint Library Facility
|s JLF
|d Remote Storage
|t 0
|e GC57.2 .F53 no. 68
|h Library of Congress classification
|i unmediated -- volume
|m A14827169092
|
| 998 |
f |
f |
|a GC57.2 .F53 no. 68
|t 0
|l Remote Storage
|
| 998 |
f |
f |
|a GC57.2 .F53 no. 68
|t 0
|l Remote Storage
|